Ekonomiku posúvajú start-upy
Systematická a štedrá vládna podpora inovatívnych firiem. Konzervatívna krajina a podnikateľské prostredie. Program Krajina zakladateľov. Odbúravanie byrokracie. Na koho sa obrátiť pri zakladaní start-upu v Rakúsku.
Salvato in:
| Autore principale: | |
|---|---|
| Natura: | Capitolo di libro |
| Lingua: | slovacco |
| Soggetti: | |
| Tags: |
Nessun Tag, puoi essere il primo ad aggiungerne!!
|
MARC
| LEADER | 00000naa a2200000 4500 | ||
|---|---|---|---|
| 001 | 0223867 | ||
| 005 | 20231113105917.8 | ||
| 041 | 0 | |a slo | |
| 044 | |a SK | ||
| 245 | 1 | 0 | |a Ekonomiku posúvajú start-upy |c Tomáš Nejedlý |
| 520 | |a Systematická a štedrá vládna podpora inovatívnych firiem. Konzervatívna krajina a podnikateľské prostredie. Program Krajina zakladateľov. Odbúravanie byrokracie. Na koho sa obrátiť pri zakladaní start-upu v Rakúsku. | ||
| 610 | 2 | 0 | |a start-up |
| 610 | 2 | 0 | |a podnikanie |
| 610 | 2 | 0 | |a prostredie podnikateľské |
| 610 | 2 | 0 | |a dane |
| 610 | 2 | 0 | |a inovácia |
| 610 | 2 | 0 | |a podpora štátna |
| 610 | 2 | 0 | |a financie |
| 610 | 2 | 0 | |a Rakúsko |
| 100 | 1 | |a Nejedlý, Tomáš | |